Язык и социальная коммуникация (Запись № 11033001)

Подробности
000 -МАРКЕР
контрольное поле 02381nam0a2200421 4500
001 - ИДЕНТИФИКАТОР ЗАПИСИ
контрольное поле RU\NLR\BIBL_A\011630809
005 - ИДЕНТИФИКАТОР ВЕРСИИ
контрольное поле 20180420140949.0
010 ## - МЕЖДУНАРОДНЫЙ СТАНДАРТНЫЙ НОМЕР КНИГИ (ISBN)
Номер (ISBN) 978-5-9908318-9-6
Тираж 100
021 ## - НОМЕР ГОСУДАРСТВЕННОЙ РЕГИСТРАЦИИ
Код страны Российская Федерация
Номер КН-П-18-001918
Номер Листа государственной регистраци КН-П-18-0133
035 ## - ДРУГИЕ СИСТЕМНЫЕ НОМЕРА
Идентификатор записи (NLR Aleph) 011630809
035 ## - ДРУГИЕ СИСТЕМНЫЕ НОМЕРА
Идентификатор записи (RuMoRGB)009515202
100 ## - ДАННЫЕ ОБЩЕЙ ОБРАБОТКИ
Данные общей обработки 20180216d2017 k y0rusy50 ca
101 0# - ЯЗЫК РЕСУРСА
Язык текста, звукозаписи и т.д. русский
102 ## - СТРАНА ПУБЛИКАЦИИ ИЛИ ПРОИЗВОДСТВА
Страна публикации Российская Федерация
105 ## - ПОЛЕ КОДИРОВАННЫХ ДАННЫХ: ТЕКСТОВЫЕ МАТЕРИАЛЫ, МОНОГРАФИЧЕСКИЕ
Кодированные данные о монографическом текстовом документе y|||zzzz100zy
200 1# - ЗАГЛАВИЕ И СВЕДЕНИЯ ОБ ОТВЕТСТВЕННОСТИ
Основное заглавие Язык и социальная коммуникация
Сведения, относящиеся к заглавию сборник научных трудов по материалам I Международной научно-практической конференции, 30 сентября 2017 года, г. Смоленск
Первые сведения об ответственности Международный научно-информационный центр "Наукосфера"
Последующие сведения об ответственности [редакционная коллегия: Баринов Д. Н., д.ф.н., доц. (ответственный редактор) и др.]
210 ## - ПУБЛИКАЦИЯ, РАСПРОСТРАНЕНИЕ И ДР.
Место издания, распространения и т.д. Смоленск
Имя издателя, распространителя и т. д. Новаленсо
Дата издания, распространения и т.д. 2017
215 ## - ФИЗИЧЕСКАЯ ХАРАКТЕРИСТИКА
Специфическое обозначение материала и объем 82 с.
Размеры 21
320 ## - ПРИМЕЧАНИЯ О НАЛИЧИИ В ДОКУМЕНТЕ БИБЛИОГРАФИИ / УКАЗАТЕЛЯ
Текст примечания Библиогр. в конце ст.
606 1# - НАИМЕНОВАНИЕ ТЕМЫ КАК ПРЕДМЕТ
Наименование темы Иностранные языки
Формальный подзаголовок Съезды, совещания и т.п
Тематический подзаголовок Преподавание
-- Высшая школа
Системный номер авторитетной/нормативной записи 2144180
Идентификатор авторитетной/нормативной записи RU\NLR\AUTH\661291992
606 1# - НАИМЕНОВАНИЕ ТЕМЫ КАК ПРЕДМЕТ
Наименование темы Социолингвистика
Формальный подзаголовок Съезды, совещания и т.п
Системный номер авторитетной/нормативной записи 990964
Идентификатор авторитетной/нормативной записи RU\NLR\AUTH\6656387
606 1# - НАИМЕНОВАНИЕ ТЕМЫ КАК ПРЕДМЕТ
Наименование темы Лексикология
Формальный подзаголовок Съезды, совещания и т.п
Системный номер авторитетной/нормативной записи 974748
Идентификатор авторитетной/нормативной записи RU\NLR\AUTH\6647302
606 1# - НАИМЕНОВАНИЕ ТЕМЫ КАК ПРЕДМЕТ
Наименование темы Коммуникативная лингвистика
Формальный подзаголовок Съезды, совещания и т.п
Системный номер авторитетной/нормативной записи 1366505
Идентификатор авторитетной/нормативной записи RU\NLR\AUTH\66572162
686 ## - ИНДЕКСЫ ДРУГИХ КЛАССИФИКАЦИЙ
Индекс Ш100.12я431(0)
Код системы
686 1# - ИНДЕКСЫ ДРУГИХ КЛАССИФИКАЦИЙ
Индекс Ш100.3я431
686 1# - ИНДЕКСЫ ДРУГИХ КЛАССИФИКАЦИЙ
Индекс Ш103я431
686 1# - ИНДЕКСЫ ДРУГИХ КЛАССИФИКАЦИЙ
Индекс Ш100.0я431
686 1# - ИНДЕКСЫ ДРУГИХ КЛАССИФИКАЦИЙ
Индекс Ч486.17я431
686 1# - ИНДЕКСЫ ДРУГИХ КЛАССИФИКАЦИЙ
Индекс С550.563я431
702 #1 - ИМЯ ЛИЦА - ВТОРИЧНАЯ ОТВЕТСТВЕННОСТЬ
Код отношения Редактор
Графика поля Кириллица
Материалы, к которым относится поле rus
Начальный элемент ввода Баринов
Часть имени, кроме начального элемента ввода Д. Н.
Расширение инициалов личного имени Дмитрий Николаевич
Системный номер авторитетной/нормативной записи 66734
Идентификатор авторитетной/нормативной записи RU\NLR\AUTH\7783806
712 02 - НАИМЕНОВАНИЕ ОРГАНИЗАЦИИ - ВТОРИЧНАЯ ОТВЕТСТВЕННОСТЬ
Код отношения Прочие
Начальный элемент ввода "Наукосфера", международный научно-информационный центр
Идентифицирующий признак Смоленск
Системный номер авторитетной/нормативной записи 591480
Идентификатор авторитетной/нормативной записи RU\NLR\AUTH\880464463
942 ## - ДОПОЛНИТЕЛЬНЫЕ ЭЛЕМЕНТЫ ЗАПИСИ (АБИС)
Тип экземпляра АБИС Книга
980 ## - КОЛЛЕКЦИЯ
Название коллекции НБР
980 ## - КОЛЛЕКЦИЯ
Название коллекции Национальная библиография

Нет доступных экземпляров.